[Event "Haringey masters"]
[Site "London"]
[Date "1988.07.21"]
[Round "1"]
[White "Winants, Luc"]
[Black "Jacobs, Byron Anthony"]
[Result "0-1"]
[WhiteElo "2450"]
[BlackElo "2320"]
[EventDate "1988.07.21"]
[WhiteTitle "IM"]
[BlackTitle "FM"]
[Source "Ed.:M.Chandler, Tournament Chess No.30, TUI Enterprises 1988"]

1.Nf3 Nf6 2.c4 e6 3.d4 Bb4+ 4.Nbd2 O-O 5.a3 Bxd2+ 6.Qxd2 b6 7.e3 Bb7 8.b4 
d6 9.Bb2 Nbd7 10.Bd3 Ne4 11.Qc2 f5 12.O-O Qe8 13.Rad1 Ndf6 14.Ne1 a5 15.f3
Ng5 16.b5 Qe7 17.Qf2 Rae8 18.Nc2 Bxf3 19.Rde1 Be4 20.Bxe4 Ngxe4 21.Qe2 Ng4
22.Rf3 Qh4 23.h3 Nh6 24.Rd1 g5 25.Qe1 Qh5 26.Rf1 g4 27.h4 g3 28.Rf4 Ng4 
29.Kh1 Ngf2+ 30.Kg1 Ng4 31.Kf1 Qxh4 32.Ke2 Qh5 0-1

[Event "Haringey masters"]
[Site "London"]
[Date "1988.07.21"]
[Round "1"]
[White "Iclicki, Willy"]
[Black "Dutreeuw, Marc"]
[Result "1/2-1/2"]
[WhiteElo "2305"]
[BlackElo "2395"]
[EventDate "1988.07.21"]
[Source "Ed.:M.Chandler, Tournament Chess No.30, TUI Enterprises 1988"]

1.d4 d5 2.c4 e6 3.Nc3 Be7 4.cxd5 exd5 5.Qc2 Nf6 6.Bg5 O-O 7.e3 Nbd7 8.Bd3 
Re8 9.Nf3 c6 10.O-O Nf8 11.Rae1 g6 12.Ne5 Ne4 13.Bxe7 Qxe7 14.Nxe4 dxe4 
15.Bc4 Be6 16.Bxe6 Qxe6 17.Qc4 Rad8 18.Qxe6 Nxe6 19.Rc1 f6 20.Nc4 c5 21.
dxc5 Nxc5 22.Na5 Rc8 23.f3 b6 24.Nb3 exf3 25.Rxf3 Nxb3 26.Rxc8 Rxc8 27.
axb3 Kf7 28.Rf2 Rc1+ 29.Rf1 Rxf1+ 30.Kxf1 Ke6 31.Ke2 Kd5 32.Kd3 a5 33.e4+ 
Kc5 34.Kc3 g5 35.g4 h6 36.h3 b5 37.b4+ axb4+ 38.Kd3 b3 39.Kc3 b4+ 40.Kd3 
Kd6 1/2-1/2

[Event "Haringey masters"]
[Site "London"]
[Date "1988.07.22"]
[Round "2"]
[White "Davidović, Aleksandar"]
[Black "Winants, Luc"]
[Result "1/2-1/2"]
[WhiteElo "2420"]
[BlackElo "2450"]
[EventDate "1988.07.21"]
[BlackTitle "IM"]
[Source "Ed.:M.Chandler, Tournament Chess No.30, TUI Enterprises 1988"]

1.Nf3 Nf6 2.c4 c5 3.g3 b6 4.Bg2 Bb7 5.Nc3 g6 6.O-O Bg7 7.d4 cxd4 8.Qxd4 d6
9.Be3 Nbd7 10.Rac1 Rc8 11.b3 O-O 12.Qh4 Re8 13.Rfd1 a6 14.Bh3 Bxf3 15.exf3
Rc7 16.f4 Qb8 17.Nd5 Nxd5 18.cxd5 Nf6 19.f5 Rxc1 20.Bxc1 Qc7 21.fxg6 hxg6 
22.Qc4 Qxc4 23.bxc4 Ne4 24.Bd7 Rb8 25.a4 Bc3 26.Be3 Bb4 27.Rb1 a5 28.f3 
Bc5 29.fxe4 Bxe3+ 30.Kg2 Kg7 31.Rf1 Rd8 32.Bc6 Rc8 33.Rf3 Bd4 34.g4 g5 35.
Kf1 Be5 36.h3 Rh8 37.Ke2 Bf4 38.Kd3 Rh6 39.Bb5 Rh8 40.Bc6 Rh6 41.Bb5 Kf6 
42.Kd4 Rh8 43.Bd7 e6 44.Bb5 Ke7 45.Kd3 Rh4 46.Bc6 Rh8 47.Bb5 Rh6 48.Bc6 
Rh4 49.Bb5 Rh8 50.dxe6 fxe6 51.Kd4 Kf6 52.Bc6 Rc8 53.Bb5 Rc5 54.Rf1 Ke7 
55.Rf3 Rc8 56.Kd3 Be5 57.Ba6 Rd8 58.Bb7 Rh8 59.Bc6 Bf4 60.Kd4 Rf8 61.Bb5 
Kd8 62.Kd3 Kc7 63.Rf1 Rh8 64.Rf3 Rf8 65.Rf1 Rf7 66.Rf3 Rh7 67.Kd4 Rh8 
1/2-1/2

[Event "Haringey masters"]
[Site "London"]
[Date "1988.07.22"]
[Round "2"]
[White "Jónsson, Björgvin"]
[Black "Iclicki, Willy"]
[Result "1-0"]
[WhiteElo "2375"]
[BlackElo "2305"]
[EventDate "1988.07.21"]
[Source "Ed.:M.Chandler, Tournament Chess No.30, TUI Enterprises 1988"]

1.e4 c6 2.d4 d5 3.Nd2 dxe4 4.Nxe4 Nd7 5.Ng5 Ngf6 6.Bd3 e6 7.N1f3 Bd6 8.O-O
h6 9.Ne4 Nxe4 10.Bxe4 Qc7 11.c3 b6 12.Qe2 Bb7 13.Re1 Nf6 14.Bc2 O-O 15.Ne5
c5 16.dxc5 Bxe5 17.Qxe5 Qxe5 18.Rxe5 Nd7 19.Re1 Nxc5 20.Be3 Nd7 21.a4 Rfc8
22.Bd4 Bd5 23.f4 Nc5 24.Ra3 Na6 25.Re2 Kf8 26.f5 Nc5 27.b4 Nd7 28.fxe6 
Bxe6 29.Be4 Rab8 30.a5 Bc4 31.Re3 Re8 32.axb6 axb6 33.Ra7 Nf6 34.Bf3 Rxe3 
35.Bxe3 b5 36.Bc5+ Kg8 37.Bd4 Kf8 38.Kf2 Re8 39.Bxf6 gxf6 40.Ra8 Rxa8 41.
Bxa8 Ke7 42.Ke3 Ke6 43.Kd4 Kd6 44.Be4 Be6 45.Bd3 Kc6 46.c4 bxc4 47.Bxc4 
Kb6 48.Bd3 Kc6 49.g3 Kb6 50.Ke4 Kc6 51.Be2 Kb6 52.g4 Kc6 53.h3 Kd6 54.Bb5 
Bc8 55.Bd3 Be6 56.Kf4 Kd5 57.b5 Kc5 58.Kg3 Bd5 59.Bf1 Be6 60.Kh4 f5 61.g5 
hxg5+ 1-0

[Event "Haringey masters"]
[Site "London"]
[Date "1988.07.22"]
[Round "2"]
[White "Dutreeuw, Marc"]
[Black "Pein, Malcolm Bernard"]
[Result "0-1"]
[WhiteElo "2395"]
[BlackElo "2410"]
[EventDate "1988.07.21"]
[BlackTitle "IM"]
[Source "Ed.:M.Chandler, Tournament Chess No.30, TUI Enterprises 1988"]

1.e4 d6 2.d4 g6 3.Nf3 Bg7 4.Be2 Nf6 5.Nc3 O-O 6.O-O c5 7.d5 Na6 8.Nd2 Nc7 
9.a4 a6 10.f4 Bd7 11.Bf3 b5 12.e5 Nfe8 13.Re1 b4 14.Ncb1 Rb8 15.c4 bxc3 
16.Nxc3 Rb4 17.Nde4 Bc8 18.Nf2 f6 19.Nd3 Rb8 20.e6 f5 21.Be3 Nf6 22.Rb1 a5
23.Nf2 Ba6 24.h3 h5 25.g4 hxg4 26.hxg4 fxg4 27.Bg2 Rb4 28.Nxg4 Nxg4 29.
Qxg4 Bd3 30.Bd2 Ne8 31.Be4 Nf6 32.Qxg6 Rxe4 33.Nxe4 Nxe4 34.Rxe4 Rf6 35.
Qg2 Bxb1 36.Re3 Qe8 37.Rg3 Rg6 38.Bc3 Bxc3 39.bxc3 Rxg3 40.Qxg3+ Qg6 0-1

[Event "Haringey masters"]
[Site "London"]
[Date "1988.07.23"]
[Round "3"]
[White "Winants, Luc"]
[Black "Lukács, Péter"]
[Result "1/2-1/2"]
[WhiteElo "2450"]
[BlackElo "2490"]
[EventDate "1988.07.21"]
[WhiteTitle "IM"]
[BlackTitle "GM"]
[Source "Ed.:M.Chandler, Tournament Chess No.30, TUI Enterprises 1988"]

1.d4 Nf6 2.c4 e6 3.Nf3 d5 4.Nc3 c6 5.Bg5 dxc4 6.e4 b5 7.Be2 Bb7 8.e5 h6 9.
Bh4 g5 10.exf6 gxh4 11.Ne5 Qxf6 12.Bh5 Rh7 13.O-O Nd7 14.Qe2 O-O-O 15.a4 
Rg7 16.Bf3 Nxe5 17.dxe5 Qf4 18.axb5 cxb5 19.Bxb7+ Kxb7 20.Rfd1 Rxd1+ 21.
Qxd1 Bc5 22.Qd7+ Kb8 23.Qd8+ Kb7 24.Qd7+ Kb8 25.Qxb5+ Bb6 26.Qe8+ Kb7 27.
Qe7+ Kc6 1/2-1/2

[Event "Haringey masters"]
[Site "London"]
[Date "1988.07.23"]
[Round "3"]
[White "Iclicki, Willy"]
[Black "Abramović, Boško"]
[Result "1/2-1/2"]
[WhiteElo "2305"]
[BlackElo "2445"]
[EventDate "1988.07.21"]
[BlackTitle "GM"]
[Source "Ed.:M.Chandler, Tournament Chess No.30, TUI Enterprises 1988"]

1.d4 d5 2.c4 e6 3.Nc3 Be7 4.Nf3 Nf6 5.Bg5 h6 6.Bh4 O-O 7.cxd5 Nxd5 8.Bxe7 
Qxe7 9.e3 Nxc3 10.bxc3 c5 11.Bd3 Nd7 12.O-O e5 13.Nxe5 Nxe5 14.dxe5 Qxe5 
15.Qf3 Rb8 16.Qe4 Qxe4 17.Bxe4 Be6 1/2-1/2

[Event "Haringey masters"]
[Site "London"]
[Date "1988.07.24"]
[Round "4"]
[White "Orr, Mark John Legard"]
[Black "Winants, Luc"]
[Result "1-0"]
[WhiteElo "2365"]
[BlackElo "2450"]
[EventDate "1988.07.21"]
[WhiteTitle "FM"]
[BlackTitle "IM"]
[Source "Ed.:M.Chandler, Tournament Chess No.30, TUI Enterprises 1988"]

1.d4 Nf6 2.Nf3 e6 3.Bg5 c5 4.c3 Qb6 5.Qb3 cxd4 6.Qxb6 axb6 7.Bxf6 gxf6 8.
Nxd4 d5 9.Nd2 Na6 10.e4 dxe4 11.Nxe4 f5 12.Nd2 Bc5 13.N4b3 Bd7 14.Be2 Bd6 
15.Bf3 O-O-O 16.O-O-O Bc7 17.g3 Nc5 18.Nxc5 bxc5 19.Nc4 Bb5 20.Be2 Bc6 21.
Rxd8+ Rxd8 22.Rd1 f4 23.Rxd8+ Kxd8 24.Nd2 fxg3 25.hxg3 b6 26.Bf3 Bb5 27.
Kc2 f5 28.b3 Ke7 29.a4 Be8 30.Kd3 h5 31.Nc4 Bg6 32.Ke2 Bf7 33.Nd2 e5 34.
Bc6 Kf6 35.Bb5 Bd5 36.Bc4 Bc6 37.f3 e4 38.fxe4 Bxg3 39.Bd5 Bd7 40.exf5 
Kxf5 41.Nc4 Bc7 42.Kf3 Kg5 43.Ne3 h4 44.Bb7 Bd8 45.Bd5 Be8 46.Be6 Kf6 47.
Bd5 Bh5+ 48.Kf2 Ke5 49.b4 Be8 50.bxc5 bxc5 51.Bb3 Bc6 52.a5 Bg5 53.Nf1 Bc1
54.Nh2 Kf4 55.a6 Bb2 56.Bd1 Bxc3 57.Bf3 Bd4+ 58.Ke1 c4 59.Bxc6 h3 60.Ke2 
Ba7 61.Nf1 Ke5 62.Bd7 Kd6 63.Bxh3 c3 1-0

[Event "Haringey masters"]
[Site "London"]
[Date "1988.07.24"]
[Round "4"]
[White "Jacobs, Byron Anthony"]
[Black "Iclicki, Willy"]
[Result "1-0"]
[WhiteElo "2320"]
[BlackElo "2305"]
[EventDate "1988.07.21"]
[WhiteTitle "FM"]
[Source "Ed.:M.Chandler, Tournament Chess No.30, TUI Enterprises 1988"]

1.e4 c6 2.d4 d5 3.f3 e6 4.Nc3 Bb4 5.Bf4 dxe4 6.fxe4 Nf6 7.Qd3 Qa5 8.Ne2 
O-O 9.O-O-O b5 10.e5 Nd5 11.Nxd5 cxd5 12.Kb1 Nc6 13.Qg3 f5 14.exf6 Rxf6 
15.Nc1 Qb6 16.Bd3 Be7 17.Bg5 Bd7 18.Bxf6 Bxf6 19.Nb3 Nxd4 20.Nxd4 Bxd4 21.
Bxh7+ Kxh7 22.Qh4+ Kg8 23.Qxd4 Qxd4 24.Rxd4 Rf8 25.Rd2 Bc6 26.c3 e5 27.Kc2
Rf5 28.Re2 e4 29.Kd2 Kf7 30.Ke3 Ke6 31.Rf2 Rg5 32.Kd4 Kd6 33.Re1 Bd7 34.
Re3 Re5 35.Rf7 g5 36.Rxd7+ 1-0

[Event "Haringey masters"]
[Site "London"]
[Date "1988.07.25"]
[Round "5"]
[White "Andruet, Gilles"]
[Black "Dutreeuw, Marc"]
[Result "1/2-1/2"]
[WhiteElo "2450"]
[BlackElo "2395"]
[EventDate "1988.07.21"]
[WhiteTitle "IM"]
[Source "Ed.:M.Chandler, Tournament Chess No.30, TUI Enterprises 1988"]

1.d4 d5 2.c4 e6 3.Nc3 Be7 4.cxd5 exd5 5.f3 Nf6 6.e4 dxe4 7.fxe4 Bb4 8.Bd3 
Nxe4 9.Qe2 f5 10.Bxe4 Bxc3+ 11.bxc3 Qh4+ 12.Kd2 Qxe4 13.Qxe4+ fxe4 14.Ba3 
Bf5 15.Re1 Nd7 16.Ne2 O-O-O 17.c4 Rhe8 18.Kc3 Nf6 19.Rhf1 Bg6 20.Bc1 Rf8 
21.Bg5 Rd7 22.Ng3 Rdf7 23.d5 Kd7 24.Kd4 c6 25.a4 b6 26.a5 c5+ 27.Kc3 Ng4 
28.axb6 axb6 29.Ra1 Rxf1 30.Nxf1 Rf7 31.h3 Ne5 32.Ne3 Kc8 33.Ra8+ Kb7 34.
Rg8 Nd7 35.Bh4 h5 36.Bg3 Bh7 37.Rh8 Bg6 38.Rd8 Bh7 39.Rh8 Bg6 40.Kd2 Rf8 
41.Rxf8 Nxf8 42.Nd1 Nd7 43.Nc3 Ka6 44.Ke3 Ka5 45.Nxe4 b5 46.Be1+ b4 47.Nd6
Ka4 48.Kd2 Kb3 49.Kc1 Ne5 50.Bg3 Nxc4 51.Nb7 Ka2 52.Be1 Nb6 53.Nxc5 Nxd5 
54.Bxb4 Nxb4 55.Ne6 Kb3 56.Kd2 Kc4 57.Ke3 Nd5+ 58.Kf3 Nf6 59.Nxg7 Kd5 60.
Kg3 Ke5 61.Kh4 1/2-1/2

[Event "Haringey masters"]
[Site "London"]
[Date "1988.07.25"]
[Round "5"]
[White "Winants, Luc"]
[Black "Murey, Yaacov"]
[Result "1-0"]
[WhiteElo "2450"]
[BlackElo "2545"]
[EventDate "1988.07.21"]
[WhiteTitle "IM"]
[BlackTitle "GM"]
[Source "Ed.:M.Chandler, Tournament Chess No.30, TUI Enterprises 1988"]

1.d4 d5 2.c4 c6 3.Nf3 Nf6 4.Nc3 dxc4 5.e4 b5 6.e5 Nd5 7.a4 e6 8.Ng5 h6 9.
Nge4 Ba6 10.axb5 cxb5 11.Be2 Be7 12.O-O O-O 13.Bf3 b4 14.Nxd5 exd5 15.Nd6 
Bxd6 16.Bxd5 Bc7 17.Bxa8 Bb6 18.d5 c3 19.Re1 Qh4 20.Be3 cxb2 21.Rb1 Nd7 
22.Bxb6 Rxa8 23.Bd4 Bb7 24.e6 fxe6 25.dxe6 Nc5 26.e7 Re8 27.f3 Na4 28.Bf2 
1-0

[Event "Haringey masters"]
[Site "London"]
[Date "1988.07.25"]
[Round "5"]
[White "Iclicki, Willy"]
[Black "Davidović, Aleksandar"]
[Result "0-1"]
[WhiteElo "2305"]
[BlackElo "2420"]
[EventDate "1988.07.21"]
[Source "Ed.:M.Chandler, Tournament Chess No.30, TUI Enterprises 1988"]

1.d4 d5 2.c4 dxc4 3.Nf3 c5 4.e3 e6 5.Bxc4 Nf6 6.O-O a6 7.Qe2 b5 8.Bd3 cxd4
9.exd4 Be7 10.a4 bxa4 11.Rxa4 O-O 12.Nc3 Bb7 13.Bg5 Nc6 14.Ne4 Nd5 15.Nc5 
Bxg5 16.Nxb7 Qe7 17.Bxh7+ Kxh7 18.Qc2+ Kh6 19.Nxg5 Kxg5 20.Qxc6 Rfc8 21.
Qd6 Qxb7 22.Qe5+ Kg6 23.Ra3 Kh7 24.Qh5+ Kg8 25.Rh3 Kf8 26.Qh8+ Ke7 27.Qxg7
Rg8 0-1

[Event "Haringey masters"]
[Site "London"]
[Date "1988.07.26"]
[Round "6"]
[White "Ward, Christopher"]
[Black "Winants, Luc"]
[Result "1/2-1/2"]
[WhiteElo "2325"]
[BlackElo "2450"]
[EventDate "1988.07.21"]
[BlackTitle "IM"]
[Source "Ed.:M.Chandler, Tournament Chess No.30, TUI Enterprises 1988"]

1.d4 Nf6 2.c4 e6 3.Nc3 Bb4 4.g3 c5 5.Nf3 cxd4 6.Nxd4 O-O 7.Bg2 d5 8.Qb3 
Bxc3+ 9.Qxc3 e5 10.Nb3 d4 11.Qa5 Qd6 12.Qc5 Qe6 13.O-O Nc6 14.f4 Nd7 15.
Qd5 Nb6 16.Qxe6 Bxe6 17.c5 Na4 18.fxe5 Bxb3 19.axb3 Nxc5 20.Bxc6 bxc6 21.
b4 Nd7 22.Rd1 Nxe5 23.Rxd4 Rfe8 24.Bd2 h5 25.Bc3 Re7 26.Re4 Rae8 27.Bxe5 
Rxe5 28.Rxe5 Rxe5 29.Kf2 Re4 30.Rxa7 Rxb4 1/2-1/2

[Event "Haringey masters"]
[Site "London"]
[Date "1988.07.26"]
[Round "6"]
[White "Lukács, Péter"]
[Black "Iclicki, Willy"]
[Result "1/2-1/2"]
[WhiteElo "2490"]
[BlackElo "2305"]
[EventDate "1988.07.21"]
[WhiteTitle "GM"]
[Source "Ed.:M.Chandler, Tournament Chess No.30, TUI Enterprises 1988"]

1.d4 d5 2.c4 e6 3.Nf3 Nf6 4.Nc3 dxc4 5.e4 Bb4 6.Bg5 c5 7.e5 h6 8.exf6 hxg5
9.fxg7 Rg8 10.dxc5 Qf6 11.Bxc4 Bxc3+ 1/2-1/2

[Event "Haringey masters"]
[Site "London"]
[Date "1988.07.27"]
[Round "7"]
[White "Iclicki, Willy"]
[Black "Orr, Mark John Legard"]
[Result "1/2-1/2"]
[WhiteElo "2305"]
[BlackElo "2365"]
[EventDate "1988.07.21"]
[BlackTitle "FM"]
[Source "Ed.:M.Chandler, Tournament Chess No.30, TUI Enterprises 1988"]

1.d4 Nf6 2.c4 e6 3.Nc3 Bb4 4.e3 b6 5.Bd3 Bb7 6.f3 c5 7.Ne2 cxd4 8.exd4 O-O
9.Bg5 Be7 10.O-O d5 11.cxd5 Nxd5 12.Bxe7 Qxe7 13.Nxd5 Bxd5 14.Nc3 Bb7 15.
Qe2 Nd7 16.Qf2 Nf6 17.Qh4 Qb4 18.Qf2 Rad8 19.Rad1 Rd7 20.Rd2 Rfd8 21.Rfd1 
Nd5 22.a3 Qe7 23.Nxd5 Bxd5 24.Be4 Bb3 25.Rc1 e5 26.Bf5 Rxd4 27.Rxd4 exd4 
28.Re1 Qf6 29.Bd3 g6 30.g3 Bd5 31.f4 Kg7 32.f5 Bb7 33.fxg6 hxg6 34.Qxf6+ 
Kxf6 35.Kf2 Bc8 36.Re2 Be6 37.Ke1 Rd7 38.Kd2 Bg4 39.Re1 Be6 40.Rf1+ Ke7 
41.Rc1 Kd6 42.Bb5 Rd8 43.Kd3 Ke5 44.Re1+ Kf6 45.Bc6 Kg5 46.Bf3 b5 47.Re5+ 
Bf5+ 48.Kd2 a6 49.Rc5 Rd6 50.g4 Kf4 51.gxf5 Kxf3 52.fxg6 fxg6 53.Kd3 Kf4 
54.Rc8 g5 55.Rf8+ Kg4 56.Rf2 Kh3 57.Rf5 Rg6 58.Rf2 g4 59.Kxd4 Re6 60.Kc5 
Re1 61.Rf6 Kxh2 62.Rxa6 Re5+ 63.Kb4 g3 64.Rh6+ Kg2 65.Rg6 Kf3 66.b3 g2 67.
Rxg2 Kxg2 68.a4 bxa4 69.bxa4 Kf3 70.a5 Re1 71.a6 Ke4 72.Kc5 Ra1 73.Kb6 Kd5
74.a7 Kd6 1/2-1/2

[Event "Haringey masters"]
[Site "London"]
[Date "1988.07.27"]
[Round "7"]
[White "Winants, Luc"]
[Black "Dutreeuw, Marc"]
[Result "1/2-1/2"]
[WhiteElo "2450"]
[BlackElo "2395"]
[EventDate "1988.07.21"]
[WhiteTitle "IM"]
[Source "Ed.:M.Chandler, Tournament Chess No.30, TUI Enterprises 1988"]

1.d4 d5 2.c4 e6 3.Nc3 Be7 4.Nf3 Nf6 5.Bg5 h6 6.Bh4 O-O 7.e3 b6 8.cxd5 exd5
9.Bd3 Be6 10.O-O c5 11.Ne5 Nfd7 12.Bxe7 Qxe7 13.Nf3 Nf6 14.dxc5 bxc5 15.
Rc1 Nbd7 16.Qa4 Rfc8 17.Ba6 Rc7 18.Qa3 Nb8 19.Be2 Kf8 20.b3 Nbd7 21.Qa5 
Nb6 22.Rfd1 Bg4 23.Qa6 Bc8 24.Qa3 Bg4 25.Rd2 a5 26.Na4 Nxa4 27.Qxa4 Raa7 
28.h3 Be6 29.Ne1 Bd7 30.Qf4 g5 31.Qh2 Bf5 32.Nf3 a4 33.Qe5 Qxe5 34.Nxe5 
axb3 35.axb3 Rab7 36.Bf3 Be6 37.Rdc2 Rb5 38.Rc3 Ke7 39.Be2 Rb6 40.Rxc5 
Rxc5 41.Rxc5 Kd6 42.Nd3 Rxb3 43.Rc1 Ne4 44.Ra1 1/2-1/2

[Event "Haringey masters"]
[Site "London"]
[Date "1988.07.28"]
[Round "8"]
[White "Jónsson, Björgvin"]
[Black "Winants, Luc"]
[Result "1/2-1/2"]
[WhiteElo "2375"]
[BlackElo "2450"]
[EventDate "1988.07.21"]
[BlackTitle "IM"]
[Source "Ed.:M.Chandler, Tournament Chess No.30, TUI Enterprises 1988"]

1.e4 e5 2.Nf3 Nc6 3.Bb5 Nf6 4.O-O Bc5 5.c3 O-O 6.d4 Bb6 7.Bg5 h6 8.Bh4 d6 
9.a4 a5 10.Re1 Bg4 11.Bxc6 bxc6 12.dxe5 dxe5 13.Qxd8 Raxd8 14.Nxe5 g5 15.
Bg3 h5 16.Nxc6 Rde8 17.Be5 Nxe4 18.Bd4 Bd7 19.Bxb6 cxb6 20.Nd4 Nc5 1/2-1/2

[Event "Haringey masters"]
[Site "London"]
[Date "1988.07.28"]
[Round "8"]
[White "Dutreeuw, Marc"]
[Black "Gallagher, Joseph Gerald"]
[Result "1-0"]
[WhiteElo "2395"]
[BlackElo "2445"]
[EventDate "1988.07.21"]
[BlackTitle "IM"]
[Source "Ed.:M.Chandler, Tournament Chess No.30, TUI Enterprises 1988"]

1.e4 c5 2.Nf3 d6 3.d4 cxd4 4.Nxd4 Nf6 5.Nc3 a6 6.Be3 e5 7.Nb3 Be6 8.Be2 
Be7 9.Nd5 Nbd7 10.f3 Nxd5 11.exd5 Bf5 12.Qd2 O-O 13.O-O h6 14.c4 a5 15.
Rac1 a4 16.Na1 Bg5 17.Nc2 Bxc2 18.Rxc2 Bxe3+ 19.Qxe3 Qg5 20.f4 exf4 21.
Qxf4 Qxf4 22.Rxf4 b6 23.Rc3 Rfe8 24.Kf2 Nc5 25.Re3 Rxe3 26.Kxe3 a3 27.b4 
Na6 28.c5 bxc5 29.Bxa6 Rxa6 30.bxc5 dxc5 31.Rc4 Ra5 32.Ke4 Kf8 33.d6 Ke8 
34.Kd5 Ra6 35.Re4+ Kd8 36.Re7 c4 37.Rxf7 c3 38.Ke6 Kc8 39.Rc7+ Kd8 40.Rxg7
Kc8 41.Rc7+ Kd8 42.Rxc3 Ra4 43.Re3 Ke8 44.g3 Kd8 45.h3 h5 46.Rd3 Ke8 47.
Rb3 Re4+ 48.Kf5 Ra4 49.Kg5 Ra5+ 50.Kg6 Kd7 51.Rd3 1-0

[Event "Haringey masters"]
[Site "London"]
[Date "1988.07.28"]
[Round "8"]
[White "Murey, Yaacov"]
[Black "Iclicki, Willy"]
[Result "1-0"]
[WhiteElo "2545"]
[BlackElo "2305"]
[EventDate "1988.07.21"]
[WhiteTitle "GM"]
[Source "Ed.:M.Chandler, Tournament Chess No.30, TUI Enterprises 1988"]

1.c4 c6 2.Nf3 d5 3.e3 Nf6 4.Nc3 e6 5.a3 Nbd7 6.b4 Bd6 7.Bb2 b6 8.d4 O-O 9.
Bd3 Bb7 10.O-O Rc8 11.Qe2 c5 12.cxd5 Nxd5 13.Nxd5 Bxd5 14.Ba6 Rc7 15.e4 
Bb7 16.dxc5 bxc5 17.Rfd1 Be7 18.Be5 Qc8 19.Bxc7 Bxa6 20.b5 Bxb5 21.Bd6 
Bxd6 22.Rxd6 Nf6 23.e5 Nd5 24.Rc1 Qc7 25.Qa2 1-0

[Event "Haringey masters"]
[Site "London"]
[Date "1988.07.29"]
[Round "9"]
[White "Abramović, Boško"]
[Black "Winants, Luc"]
[Result "1-0"]
[WhiteElo "2445"]
[BlackElo "2450"]
[EventDate "1988.07.21"]
[WhiteTitle "GM"]
[BlackTitle "IM"]
[Source "Ed.:M.Chandler, Tournament Chess No.30, TUI Enterprises 1988"]

1.e4 e5 2.Nf3 Nc6 3.Bb5 Nf6 4.O-O Bc5 5.Nxe5 Nxe5 6.d4 a6 7.Ba4 Nxe4 8.Qe2
Be7 9.Qxe4 Ng6 10.Nc3 O-O 11.Nd5 Bd6 12.c4 Re8 13.Qg4 b5 14.cxb5 axb5 15.
Bb3 Qh4 16.Qxh4 Nxh4 17.Bf4 Bxf4 18.Nxf4 Bb7 19.Rac1 Rac8 20.f3 Nf5 21.
Rfd1 c6 22.Kf2 d6 23.Bc2 Ne3 24.Re1 Nxc2 25.Rxe8+ Rxe8 26.Rxc2 Ra8 27.a3 
Kf8 28.h4 h6 29.Ne2 Ke7 30.Ng3 Rd8 31.Re2+ Kf8 32.Rc2 Ke7 33.b4 Rd7 34.
Nf5+ Kf6 35.Ne3 Ba8 36.Rc3 Ra7 37.g4 g6 38.f4 Kg7 39.d5 cxd5 40.Nc2 Re7 
41.Rc8 Bb7 42.Rb8 Rc7 43.Nd4 Rc4 44.Rxb7 Rxd4 45.Rxb5 Rxf4+ 46.Kg3 Rc4 47.
a4 d4 48.Kf3 d3 49.Ke3 Rd4 50.Kd2 Rxg4 51.a5 Rg2+ 52.Kxd3 Ra2 53.Rb6 g5 
54.Rxd6 g4 55.Kc4 Ra3 56.a6 g3 57.b5 f5 58.Kb4 Ra1 59.h5 Kf7 60.Rg6 f4 61.
Rg4 Kf6 62.Rxf4+ Kg5 63.Rf8 Kxh5 64.Rg8 Kh4 65.Rg7 h5 66.a7 Kh3 67.b6 h4 
68.Rg8 g2 69.b7 Rxa7 70.b8=Q g1=Q 71.Qc8+ 1-0

[Event "Haringey masters"]
[Site "London"]
[Date "1988.07.29"]
[Round "9"]
[White "Dutreeuw, Marc"]
[Black "Kouatly, Bachar"]
[Result "1-0"]
[WhiteElo "2395"]
[BlackElo "2440"]
[EventDate "1988.07.21"]
[BlackTitle "IM"]
[Source "Ed.:M.Chandler, Tournament Chess No.30, TUI Enterprises 1988"]

1.e4 c5 2.Nf3 e6 3.d4 cxd4 4.Nxd4 Nf6 5.Nc3 Nc6 6.Ndb5 d6 7.Bf4 e5 8.Bg5 
a6 9.Na3 b5 10.Bxf6 gxf6 11.Nd5 f5 12.Bd3 Be6 13.O-O Bg7 14.Qh5 h6 15.c4 
bxc4 16.Nxc4 Nd4 17.Nce3 fxe4 18.Bxe4 O-O 19.g4 Rb8 20.Rab1 Rb5 21.Kh1 Ne2
22.Rfd1 Nf4 23.Nxf4 exf4 24.Nf5 Re5 25.Rxd6 Qxd6 26.Nxd6 Rxh5 27.gxh5 Bxa2
28.Ra1 Be6 29.Rxa6 Bxb2 30.Nf5 Rd8 31.Kg2 Bg7 32.Kf3 Bxf5 33.Bxf5 Rd5 34.
Ra8+ Bf8 35.Kxf4 Kg7 36.Ke4 Rd2 37.Ke3 Rb2 38.Rc8 Be7 39.Rc7 Bg5+ 40.f4 
Bf6 41.Be6 Bh4 42.Rxf7+ Kh8 43.Bf5 Rb6 44.Rh7+ Kg8 45.Bg6 Bf6 46.Rxh6 Rb3+
47.Bd3 Rb6 48.Rg6+ Kh8 49.Bc4 Kh7 50.f5 Be7 51.Bg8+ Kh8 52.Be6 Kh7 53.h3 
Kh8 54.Ke4 Ba3 55.Kd5 Rd6+ 56.Ke5 Rb6 57.f6 Bb2+ 58.Kd5 Rb5+ 59.Kc6 Rxh5 
60.Rg8+ Kh7 61.f7 Ba3 62.f8=Q Bxf8 63.Rxf8 1-0